[Event "Lippstadt"]
[Site "Lippstadt"]
[Date "1994.??.??"]
[Round "6"]
[White "Panzer, Peter"]
[Black "Farago, Ivan"]
[Result "1/2-1/2"]
[WhiteElo "2420"]
[BlackElo "2515"]

1.d4 Nf6 2.c4 e6 3.Nc3 Bb4 4.Qc2 O-O 5.Nf3 c5 6.dxc5 Na6 7.Bd2 Nxc5 8.a3 Bxc3
9.Bxc3 d6 10.e3 Nce4 11.Be2 b6 12.O-O Bb7 13.Rfd1 Nxc3 14.Qxc3 Qc7 15.Rac1 Rac8
16.b4  1/2-1/2

[Event "Lippstadt"]
[Site "Lippstadt"]
[Date "1994.??.??"]
[Round "7"]
[White "Touzane, Olivier"]
[Black "Hoffmann, Michael"]
[Result "0-1"]
[WhiteElo "2330"]
[BlackElo "2470"]

1.d4 Nf6 2.c4 e6 3.Nc3 Bb4 4.Qc2 O-O 5.a3 Bxc3+ 6.Qxc3 b6 7.Bg5 h6 8.Bh4 c5
9.dxc5 bxc5 10.e3 d6 11.Rd1 g5 12.Bg3 Ne4 13.Qd3 Bb7 14.f3 Nxg3 15.hxg3 Qf6
16.Qb3 Bc6 17.Rxd6 Qe5 18.Qd3 Qxg3+ 19.Ke2 Kg7 20.Qc3+ Kg6 21.Qd3+ Kf6 22.Rd8 Rxd8
23.Qxd8+ Kg7 24.Rxh6 Nd7 25.Rh3 Qxg2+ 26.Bxg2 Rxd8 27.Rg3 Rb8 28.b4 cxb4
29.axb4 Rxb4 30.Rxg5+ Kf6 31.Ra5 Rb2+ 32.Kf1 Ne5 33.Rxa7 Nxc4 34.Bh3 Nxe3+
35.Ke1 Rh2 36.Rc7 Nc2+ 37.Kd1 Nd4 38.Ke1 Bxf3 39.Rd7 Bd5 40.Ra7 Be4 41.Rd7 Nc2+
42.Kf1 Bc6  0-1

[Event "Lippstadt"]
[Site "Lippstadt"]
[Date "1994.??.??"]
[Round "10"]
[White "Wehmeier, Stefan"]
[Black "Gostisa, Leon"]
[Result "1-0"]
[WhiteElo "2290"]
[BlackElo "2410"]

1.d4 Nf6 2.c4 e6 3.Nc3 Bb4 4.Qc2 O-O 5.Nf3 b6 6.e4 d5 7.e5 Ne4 8.Bd3 Bb7
9.O-O Bxc3 10.bxc3 c5 11.dxc5 Nd7 12.cxb6 axb6 13.Be3 Qc7 14.cxd5 exd5 15.c4 Rfc8
16.Bd4 Qc6 17.Rfc1 Qh6 18.Qe2 Ndc5 19.Be3 Qe6 20.cxd5 Bxd5 21.Bxc5 Nxc5 22.Bxh7+ Kf8
23.Ng5 Qh6 24.Qe3 Ra3 25.Qd2 Qc6 26.Bf5 Rca8 27.Nh7+ Ke8 28.Qg5 g6 29.Rd1 Rxa2
30.Rac1 Be6 31.Bxg6 Rxf2 32.Kxf2 Ra2+ 33.Kg1  1-0

[Event "Litomysl op"]
[Site "Litomysl"]
[Date "1994.??.??"]
[Round "?"]
[White "Stojnic, Miodrag"]
[Black "Priehoda, Vitezslav"]
[Result "0-1"]
[WhiteElo "2020"]
[BlackElo "2390"]

1.d4 Nf6 2.c4 e6 3.Nc3 Bb4 4.Qc2 O-O 5.a3 Bxc3+ 6.Qxc3 b6 7.Bg5 Bb7 8.f3 d6
9.e3 Nbd7 10.Bd3 c5 11.Ne2 Rc8 12.O-O Qe7 13.Rad1 cxd4 14.Qxd4 h6 15.Bh4 e5
16.Qc3 d5 17.b3 e4 18.fxe4 dxc4 19.bxc4 g5 20.e5 Nxe5 21.Bg3 Nxd3 22.Qxf6 Qxe3+
23.Bf2 Qe4 24.Qf3 Qxf3 25.gxf3 Bxf3 26.Rd2 Bxe2 27.Rxe2 Rxc4 28.Bg3 Rc6 29.Rd1 Nc5
30.Re7 a5 31.Rc1 Rd8 32.Rb1 Rdc8 33.Bf2 Na4 34.Kg2 Rc2 35.Rd1 R8c6 36.Rd8+ Kg7
37.Kg1 Re6 38.Bd4+ Kg6 39.Rg8+ Kh5 40.Rxf7 Re1+ 41.Rf1 Rxf1+ 42.Kxf1 Rxh2
43.Rb8 Ra2  0-1

[Event "Ljubljana op"]
[Site "Ljubljana"]
[Date "1994.??.??"]
[Round "?"]
[White "Prudnikova, Svetlana"]
[Black "Podlesnik, Bogdan"]
[Result "1/2-1/2"]
[WhiteElo "2390"]
[BlackElo "2400"]

1.d4 Nf6 2.c4 e6 3.Nc3 Bb4 4.Qc2 O-O 5.a3 Bxc3+ 6.Qxc3 b6 7.Bg5 Bb7 8.f3 h6
9.Bh4 d5 10.e3 Nbd7 11.cxd5 exd5 12.Bd3 Re8 13.Ne2 Qe7 14.Bf2 c5 15.O-O Rac8
16.Rad1 cxd4 17.Qxd4 Ne5 18.Rc1 Nc6  1/2-1/2

[Event "SWZ-ch op"]
[Site "Luzern"]
[Date "1994.??.??"]
[Round "?"]
[White "Kelecevic, Nedeljko"]
[Black "Morris, Charles F"]
[Result "1-0"]
[WhiteElo "2460"]
[BlackElo "2245"]

1.d4 Nf6 2.c4 e6 3.Nc3 Bb4 4.Qc2 O-O 5.a3 Bxc3+ 6.Qxc3 d5 7.Bg5 Nbd7 8.e3 h6
9.Bh4 c6 10.Qc2 dxc4 11.Bxc4 e5 12.Nf3 exd4 13.Nxd4 Ne5 14.Be2 Ng6 15.Bg3 Qe7
16.Rc1 Ne4 17.b4 a5 18.Rb1 axb4 19.axb4 Nxg3 20.hxg3 Ne5 21.O-O Bg4 22.Bc4 Bh5
23.Qc3 Bg6 24.Ra1 Nxc4 25.Qxc4 Qe4 26.Qc5 Qd3 27.Rad1 Qa3 28.Nf3 Bd3 29.Rfe1 Rad8
30.e4 Rfe8 31.g4 Qb2 32.Qb6 Rd7 33.e5 Red8 34.Rd2 Qb3 35.e6 fxe6 36.Red1 Qc3
37.Qe3 Rd5 38.Qxe6+ Kh8 39.Qe3 Kg8 40.Kh2 Qb3 41.Qe6+ Kh7 42.Rxd3 Rh5+ 43.gxh5 Qxe6
44.Rxd8 Qf5 45.R8d7 Qxh5+ 46.Kg1 Qb5 47.Re1 Qxb4 48.Ree7 Qb1+ 49.Kh2  1-0

[Event "Makarska"]
[Site "Makarska"]
[Date "1994.??.??"]
[Round "?"]
[White "Marinelli, Tullio"]
[Black "Sale, Srdjan"]
[Result "1-0"]
[WhiteElo "2375"]
[BlackElo "2405"]

1.d4 Nf6 2.c4 e6 3.Nc3 Bb4 4.Qc2 O-O 5.e3 b6 6.Bd3 Bb7 7.f3 c5 8.Ne2 Nc6
9.O-O d5 10.cxd5 exd5 11.a3 Bxc3 12.bxc3 Rc8 13.Qd1 Re8 14.Ra2 Nb8 15.g4 Rc7
16.Nf4 Nfd7 17.h4 Nf8 18.g5 Qd6 19.Rg2 Rce7 20.h5 Ba6 21.Bxa6 Nxa6 22.h6 Nc7
23.hxg7 Nd7 24.Qd3 Kxg7 25.Kf2 Rh8 26.Qf5 Nf8 27.Nh5+ Kg8 28.Nf6+ Kg7 29.Qh3 h6
30.gxh6+ Kxf6 31.e4 Re5 32.dxe5+ Qxe5 33.Bg5+  1-0

[Event "Mar del Plata op"]
[Site "Mar del Plata"]
[Date "1994.??.??"]
[Round "2"]
[White "Hobaica, Juan Pablo"]
[Black "Slipak, Sergio"]
[Result "1/2-1/2"]
[WhiteElo "2230"]
[BlackElo "2460"]

1.d4 Nf6 2.c4 e6 3.Nc3 Bb4 4.Qc2 O-O 5.Nf3 d6 6.g3 e5 7.Bg2 Nc6 8.dxe5 dxe5
9.O-O Nd4 10.Nxd4 exd4 11.Nd5 Nxd5 12.cxd5 Re8 13.Rd1 Qf6 14.Qc4 Bd6 15.Bf3 Be5
16.Bf4 Bxf4 17.gxf4 Qg6+ 18.Kh1 Bg4 19.Rxd4 Bxf3+ 20.exf3 Qf6 21.Rad1 Re7
22.Qb4 Rae8 23.d6 cxd6 24.Rxd6 Qh4 25.Rd8 h6 26.Rxe8+ Rxe8 27.Re1 Rxe1+ 28.Qxe1 Qxf4
29.Qc3 Qf5 30.a3 a5 31.Kg2 Qg5+ 32.Kf1 Qd8 33.Qe5 b6 34.Qb5 Qc7 35.Kg2 g6
36.b4 Qd8 37.bxa5 bxa5 38.a4 Qc7 39.Qe8+ Kg7 40.Qb5 Qc3 41.Qe8 h5 42.Qe7 Qd4
43.Qe8 h4 44.h3 Qc3 45.Qd7 Qe5  1/2-1/2

[Event "Mar del Plata op"]
[Site "Mar del Plata"]
[Date "1994.??.??"]
[Round "2"]
[White "Burijovich, Liliana"]
[Black "Adla, Diego"]
[Result "1/2-1/2"]
[WhiteElo "2190"]
[BlackElo "2415"]

1.d4 Nf6 2.c4 e6 3.Nc3 Bb4 4.Qc2 O-O 5.a3 Bxc3+ 6.Qxc3 b6 7.Bg5 Bb7 8.e3 d6
9.f3 c5 10.dxc5 bxc5 11.Nh3 Nbd7 12.Be2 Qb6 13.O-O a5 14.Rfd1 Ba6 15.Rd2 h6
16.Bh4 d5 17.Rad1 Ra7 18.Bf2 Rb8 19.cxd5 Nxd5 20.Qc1 Bxe2 21.Rxe2 Qb5 22.Rc2 Rc8
23.e4 N5b6 24.Nf4 Rb7 25.Ne2 Na4 26.Nd4 Qa6 27.b3 Nab6 28.a4 c4 29.Nb5 Rc6
30.Nd6 Rbc7 31.Nb5 Rc8 32.Nd6 R8c7  1/2-1/2

[Event "Mar del Plata op"]
[Site "Mar del Plata"]
[Date "1994.??.??"]
[Round "3"]
[White "Saldano, Horacio"]
[Black "Valerga, Diego"]
[Result "0-1"]
[WhiteElo "2275"]
[BlackElo "2375"]

1.d4 Nf6 2.c4 e6 3.Nc3 Bb4 4.Qc2 O-O 5.a3 Bxc3+ 6.Qxc3 Qe8 7.g3 d6 8.Bg2 Nbd7
9.Nf3 Ne4 10.Qc2 f5 11.O-O Qh5 12.b4 Ndf6 13.c5 Bd7 14.Nd2 Bc6 15.f3 Nxd2
16.Bxd2 Rae8 17.a4 e5 18.dxe5 dxe5 19.b5 Bd5 20.a5 f4 21.gxf4 e4 22.Bc3 exf3
23.Bxf3 Bxf3 24.Rxf3 Qxc5+ 25.Kh1 Qxb5 26.Bxf6 Rxf6  0-1

[Event "Mar del Plata op"]
[Site "Mar del Plata"]
[Date "1994.??.??"]
[Round "5"]
[White "Saldano, Horacio"]
[Black "Rubinetti, Jorge A"]
[Result "0-1"]
[WhiteElo "2275"]
[BlackElo "2455"]

1.d4 Nf6 2.c4 e6 3.Nc3 Bb4 4.Qc2 O-O 5.a3 Bxc3+ 6.Qxc3 b6 7.Bg5 Bb7 8.f3 d5
9.e3 dxc4 10.Bxc4 Nbd7 11.Ne2 h6 12.Bh4 c5 13.dxc5 Nxc5 14.Bxf6 Qxf6 15.Qxf6 gxf6
16.b4 Nd7 17.f4 f5 18.O-O Nf6 19.Nd4 Rfc8 20.Rac1 Kf8 21.Be2 a6 22.Bf3 Be4
23.Kf2 Ke8 24.Ke2 Kd7 25.Rfd1 Nd5 26.Rxc8 Rxc8 27.Nxf5 Rc2+ 28.Ke1 Bxf3 29.gxf3 Rxh2
30.Rd3 Kc7 31.Nd4 Ne7 32.Kf1 h5 33.e4 Ng6 34.f5 Nf4 35.fxe6 Rh1+ 36.Kf2 Nxd3+
37.Kg2 Ra1 38.exf7 Nf4+ 39.Kg3 Ng6 40.Ne6+ Kd6 41.f8=Q+ Nxf8 42.Nxf8 Rxa3
43.Kf4 Rb3 44.e5+ Ke7 45.Ng6+ Kf7  0-1

[Event "Mar del Plata op"]
[Site "Mar del Plata"]
[Date "1994.??.??"]
[Round "6"]
[White "Hobaica, Juan Pablo"]
[Black "Adla, Diego"]
[Result "1/2-1/2"]
[WhiteElo "2230"]
[BlackElo "2415"]

1.d4 Nf6 2.c4 e6 3.Nc3 Bb4 4.Qc2 O-O 5.Nf3 c5 6.dxc5 Na6 7.e3 Nxc5 8.Bd2 b6
9.Be2 Bb7 10.O-O d6 11.a3 Bxc3 12.Bxc3 Nfe4 13.Bd4 e5 14.Bxc5 Nxc5 15.b4 Ne6
16.Rfd1 Qe7 17.Nd2 Rac8 18.Bf3 d5 19.Qa4 dxc4 20.Qxa7 Rc7 21.Qxb6 c3 22.Ne4 f5
23.Nc5 Nxc5 24.bxc5 Bxf3 25.gxf3 Rxc5 26.Rac1 Rfc8 27.Qd6 Qg5+ 28.Kh1 Qh5
29.Kg2 h6 30.Qe6+ Kh7 31.Rd5 R5c6 32.Rd6 Rxd6 33.Qxd6 e4 34.Qf4 Rc4 35.h3 Qf7
36.a4 Qd5 37.Rc2 Qc5 38.fxe4 Rxe4 39.Rxc3 Qf8 40.Qg3 Rxa4  1/2-1/2

[Event "Wch U20 Girls"]
[Site "Matinhos"]
[Date "1994.??.??"]
[Round "?"]
[White "Johansson, Victoria"]
[Black "Peptan, Corina"]
[Result "0-1"]
[WhiteElo "2150"]
[BlackElo "2265"]

1.d4 Nf6 2.c4 e6 3.Nc3 Bb4 4.Qc2 O-O 5.a3 Bxc3+ 6.Qxc3 b6 7.Bg5 Bb7 8.e3 d6
9.f3 Nbd7 10.Nh3 h6 11.Bh4 c5 12.Bd3 Rc8 13.O-O Qe7 14.Rad1 cxd4 15.exd4 d5
16.b3 a5 17.Qb2 a4 18.cxd5 axb3 19.dxe6 Qxe6 20.Rfe1 Qd5 21.Bxf6 Nxf6 22.Re5 Qd6
23.Nf2 Ra8 24.Bc4 Rxa3 25.Bxb3 Rfa8 26.Rde1 Nd5 27.Re8+ Kh7 28.Rxa8 Rxa8
29.Ng4 Kg8 30.Bc2 Nf4 31.Ne3 Re8 32.Qc3 g6 33.Bb3 b5 34.Kf2 Rc8 35.Qd2 Kg7
36.Ng4 h5 37.Ne5 Nd5 38.Bxd5 Qxd5 39.Qf4 Rc2+ 40.Re2 Rxe2+ 41.Kxe2 b4 42.Nd3 Qc4
43.Ke3 b3 44.Qe5+ Kh7 45.Qc5 Qe6+ 46.Qe5 Qd7 47.h3 Ba6 48.Nb2 Qc6 49.Qc5 Qe6+
50.Qe5 Qc6 51.Qc5 Qf6 52.Qd5 Qe7+ 53.Qe5 Qh4 54.g3 Qxh3 55.Qf6 Qe6+ 56.Qxe6 fxe6
57.Kf4 Kg7 58.Ke5 Kf7 59.f4 Ke7 60.d5 exd5 61.Kxd5 Kf6 62.Ke4 Bb7+ 63.Ke3 Kf5
64.Nd3 Kg4 65.Kf2 Ba6 66.Nb2 h4 67.gxh4 Kxf4  0-1

[Event "Minsk op"]
[Site "Minsk"]
[Date "1994.??.??"]
[Round "9"]
[White "Veremeichik, Vladimir"]
[Black "Panchenko, Alexandar G"]
[Result "0-1"]
[WhiteElo "2335"]
[BlackElo "2485"]

1.d4 Nf6 2.c4 e6 3.Nc3 Bb4 4.Qc2 O-O 5.Nf3 c5 6.dxc5 Na6 7.Bd2 Nxc5 8.g3 b6
9.Bg2 Ba6 10.b3 Rc8 11.Qb2 d5 12.Nb5 Bxd2+ 13.Nxd2 dxc4 14.bxc4 Bxb5 15.cxb5 Na4
16.Qb4 Nc3 17.a4 Nfd5 18.Qa3 Qg5 19.Bf3 Rfd8 20.h4 Qe5 21.Qb2 Qd4 22.Nb3 Qc4
23.O-O Nxa4 24.Qd4 Ndc3 25.Qxc4 Rxc4 26.e3 e5 27.Bb7 Rb4 28.Nc1 Rxb5 29.Bc6 Rb4
30.Na2 Rc4 31.Bxa4 Nxa4 32.Rfd1 Rxd1+ 33.Rxd1 Kf8 34.Rd7 a5  0-1

[Event "Moravka opJ"]
[Site "?"]
[Date "1994.??.??"]
[Round "7"]
[White "Swol, Michal"]
[Black "Polak, Tomas"]
[Result "0-1"]
[WhiteElo "2270"]
[BlackElo "2415"]

1.d4 Nf6 2.c4 e6 3.Nc3 Bb4 4.Qc2 O-O 5.a3 Bxc3+ 6.Qxc3 b6 7.Bg5 h6 8.Bh4 c5
9.dxc5 bxc5 10.f3 Nc6 11.e3 Qa5 12.Qxa5 Nxa5 13.b4 cxb4 14.axb4 Nc6 15.b5 Nb4
16.Kd2 a5 17.Nh3 Bb7 18.Be2 Rfc8 19.Rhc1 d6 20.Bxf6 gxf6 21.Nf2 Kf8 22.Ra4 Rc5
23.Ne4 Bxe4 24.fxe4 d5 25.cxd5 Rxc1 26.Kxc1 exd5 27.exd5 Nxd5 28.Bf3 Rc8+
29.Kd2 Nb6 30.Ra2 Rc5 31.Bc6 Ke7 32.Ke2 a4 33.Rd2 Rc3 34.Rd3 Rc2+ 35.Kf3 Ra2
36.Rc3 Rb2 37.Kg4 Rb3 38.Rc2 Rxe3 39.Bf3 Rd3 40.Rc6 Rd6 41.Rc7+ Rd7 42.Rc6 Rb7
43.Bd1 a3 44.Bb3 Nd7 45.Ra6 Ne5+ 46.Kg3 Rxb5 47.Rxa3 Rb4 48.Ra7+ Kf8 49.Bc2 h5
50.Ra4 Rb5 51.Rf4 Rc5 52.Be4 Kg7 53.h3 Rc3+ 54.Bf3 Ng6 55.Ra4 h4+ 56.Kf2 Kh6
57.Bd5 Rc2+ 58.Kf1 Rc7 59.Kf2 f5 60.Ra2 Kg5 61.Bf3 Ne5 62.Bd5 Rc5 63.Ba8 Rc4
64.Bb7 Kf4 65.Rd2 Rb4 66.Bd5 f6 67.Be6 Nc6  0-1

[Event "Moscow ol (Men)"]
[Site "Moscow"]
[Date "1994.??.??"]
[Round "2"]
[White "Annakov, Babakuli"]
[Black "Zarnicki, Pablo"]
[Result "0-1"]
[WhiteElo "2350"]
[BlackElo "2475"]

1.d4 Nf6 2.c4 e6 3.Nc3 Bb4 4.Qc2 O-O 5.Nf3 c5 6.dxc5 Na6 7.g3 Nxc5 8.Bg2 Nce4
9.O-O Nxc3 10.bxc3 Be7 11.e4 d6 12.e5 dxe5 13.Nxe5 Qc7 14.Qe2 Bd6 15.Bf4 Ne8
16.c5 Qxc5 17.c4 f6 18.Nd3 Qc7 19.c5 Bxf4 20.gxf4 Bd7 21.Rab1 Rb8 22.Qe4 Rf7
23.Rfe1 g6 24.Re3 Bc6 25.Qxe6 Ng7 26.Qc4 Nf5 27.Re6 Bxg2 28.Kxg2 Kg7 29.Nb4 Ra8
30.Nd5 Qd7 31.Ne3 Nxe3+ 32.fxe3 Qd2+ 33.Kg3 h5 34.Qe4 Qe2 35.Rd6 h4+ 36.Kh3  0-1

[Event "Moscow ol (Men)"]
[Site "Moscow"]
[Date "1994.??.??"]
[Round "3"]
[White "Vera, Reynaldo"]
[Black "Berend, Fred"]
[Result "1/2-1/2"]
[WhiteElo "2485"]
[BlackElo "2400"]

1.d4 Nf6 2.c4 e6 3.Nc3 Bb4 4.Qc2 O-O 5.a3 Bxc3+ 6.Qxc3 b6 7.Bg5 Bb7 8.e3 d6
9.f3 Nbd7 10.Nh3 Re8 11.Be2 h6 12.Bh4 Rc8 13.O-O c5 14.dxc5 Rxc5 15.b4 Rc8
16.Rfd1 d5 17.Qb3 Ba6 18.b5 Bb7 19.cxd5 Bxd5 20.Qb4 Qe7 21.e4 Qxb4 22.axb4 Bb3
23.Rd2 Rc7 24.Ra3 Bc2 25.g4 Rec8 26.Bg3 e5 27.Nf2 Ne8 28.Nd1 Bxd1 29.Bxd1 Kf8
30.Bb3 Ke7 31.Bd5 Rc1+ 32.Kf2 R8c2 33.Rxc2 Rxc2+ 34.Ke1 Rc7 35.f4 f6 36.Bc6 exf4
37.Bxf4 Ne5 38.h4 Nd6 39.g5 hxg5 40.Bxe5 fxe5 41.hxg5 Nf7 42.Rg3 Nd8 43.Bd5 Ne6
44.Bxe6 Kxe6 45.Kd2 Rc4 46.Ra3 Rxe4 47.Rxa7 Rd4+ 48.Ke3 Rd7 49.Ra6 Rd6 50.Ra7 g6
51.Rc7 Kf5 52.Rc6 Rd4 53.Rxb6 Rxb4 54.Rb8 Rb3+ 55.Kd2 Kxg5 56.b6 e4 57.b7 Rd3+
58.Kc2 Rd7 59.Kc3 Re7 60.Kd2 Rg7 61.Kc3 Kg4 62.Kc4 g5 63.Kd5 Kg3 64.Ke6 g4
65.Rh8  1/2-1/2

[Event "Moscow ol (Men)"]
[Site "Moscow"]
[Date "1994.??.??"]
[Round "5"]
[White "De Villiers, Charles"]
[Black "Dive, Russell John"]
[Result "1-0"]
[WhiteElo "2320"]
[BlackElo "2315"]

1.d4 Nf6 2.c4 e6 3.Nc3 Bb4 4.Qc2 O-O 5.Bg5 h6 6.Bh4 c5 7.dxc5 Na6 8.e3 Nxc5
9.Ne2 g5 10.Bg3 d5 11.O-O-O Qb6 12.cxd5 exd5 13.Be5 Rd8 14.h4 g4 15.Nf4 Bxc3
16.Bxc3 Nce4 17.Bd4 Qa5 18.Kb1 Bf5 19.Bd3 Rac8 20.Qe2 Rc6 21.Qe1 Qxe1 22.Rhxe1 a6
23.Rc1 Nd2+ 24.Ka1 Nfe4 25.b3 Nd6 26.Bxf5 Nxf5 27.Rxc6 bxc6 28.Bf6 Re8 29.Rc1 Ne4
30.Rxc6 Nxf2 31.Nxd5 Nxe3 32.Nxe3 Rxe3 33.Rc8+ Kh7 34.h5 Re1+ 35.Kb2 Re2+
36.Ka3  1-0

[Event "Moscow op"]
[Site "Moscow"]
[Date "1994.??.??"]
[Round "6"]
[White "Doroshkievich, Vladimir K"]
[Black "Mitenkov, Alexey"]
[Result "1/2-1/2"]
[WhiteElo "2410"]
[BlackElo "2445"]

1.d4 Nf6 2.c4 e6 3.Nc3 Bb4 4.Qc2 O-O 5.Bg5 c5 6.e3 h6 7.Bh4 cxd4 8.exd4 Nc6
9.Nf3 d5 10.a3 Be7 11.Rd1 b6 12.cxd5 Nxd5 13.Bb5 Nxc3 14.Bxc6  1/2-1/2

[Event "Moscow ol (Men)"]
[Site "Moscow"]
[Date "1994.??.??"]
[Round "6"]
[White "Kakageldyev, Amanmurad"]
[Black "Urday, Henry"]
[Result "1/2-1/2"]
[WhiteElo "2450"]
[BlackElo "2470"]

1.d4 Nf6 2.c4 e6 3.Nc3 Bb4 4.Qc2 O-O 5.a3 Bxc3+ 6.Qxc3 b6 7.Nf3 Bb7 8.g3 d6
9.Bg2 Nbd7 10.O-O Qe7 11.b4 a5 12.Bb2 axb4 13.axb4 Rxa1 14.Rxa1 Ra8 15.Rxa8+ Bxa8
16.Qa3 Qd8 17.Nd2 Bxg2 18.Kxg2 Qb8 19.f3 Qb7 20.b5 c5 21.bxc6 Qxc6 22.Qb4 d5
23.Ba3 h6 24.c5 Ne8 25.cxb6 Qxb6 26.Qa4 Ndf6 27.Nb3 Nc7 28.Bc5 Qb5 29.Qxb5 Nxb5
30.Kf2 Nd7  1/2-1/2

[Event "Moscow ol (Men)"]
[Site "Moscow"]
[Date "1994.??.??"]
[Round "8"]
[White "Annakov, Babakuli"]
[Black "Jacimovic, Dragoljub"]
[Result "1/2-1/2"]
[WhiteElo "2350"]
[BlackElo "2400"]

1.d4 Nf6 2.c4 e6 3.Nc3 Bb4 4.Qc2 O-O 5.Nf3 c5 6.dxc5 Na6 7.g3 Nxc5 8.Bg2 Nce4
9.Bd2 Nxd2 10.Nxd2 Be7 11.O-O a6 12.Rfd1 Qc7 13.Rac1 Rb8 14.Nce4 Ne8 15.a3 f5
16.Nc3 b6  1/2-1/2

[Event "Moscow ol (Women)"]
[Site "Moscow"]
[Date "1994.??.??"]
[Round "8"]
[White "Botsari Miladinovic, Anna Maria"]
[Black "Kulish, Irina"]
[Result "1-0"]
[WhiteElo "2330"]
[BlackElo "2250"]

1.d4 Nf6 2.c4 e6 3.Nc3 Bb4 4.Qc2 O-O 5.a3 Bxc3+ 6.Qxc3 d6 7.Bg5 Nbd7 8.f3 b6
9.Nh3 c5 10.Nf2 Ba6 11.dxc5 Nxc5 12.Ng4 Ncd7 13.e3 Rc8 14.Qd4 Qe7 15.Nxf6+ Nxf6
16.c5 Bxf1 17.cxd6 Qd7 18.Rxf1 Rfd8 19.Rd1 Rc6 20.Rf2 Rxd6 21.Qxd6 Qxd6 22.Rxd6 Rxd6
23.Rc2 h6 24.Rc8+ Kh7 25.Bxf6 gxf6 26.Rc7 Kg6 27.Rxa7 Rd3 28.b4 Rxe3+ 29.Kf2 Rb3
30.Ra6 h5 31.Kg3 Kg5 32.Rxb6 Rxa3 33.Rb8 h4+ 34.Kh3 Rb3 35.Rg8+ Kf4 36.Kxh4 f5
37.Rb8 e5 38.b5 e4 39.fxe4 fxe4 40.b6 Rd3 41.Rc8 Rb3 42.Rc7 f5 43.b7 Rb6
44.Kh5 Ke3 45.Kg5 f4 46.Re7 Rb2 47.h4 Rxg2+ 48.Kf5 Rb2 49.Rxe4+ Kd3 50.Kxf4 Rxb7
51.Re6 Rf7+ 52.Kg5 Kd4 53.h5 Kd5 54.Re1 Rf2 55.h6 Rg2+ 56.Kf6 Rf2+ 57.Kg7 Rg2+
58.Kh8 Kd6 59.Re8 Kd7 60.Rg8 Ra2 61.h7 Ke7 62.Kg7  1-0

[Event "Moscow ol (Men)"]
[Site "Moscow"]
[Date "1994.??.??"]
[Round "8"]
[White "Dao Thien Hai"]
[Black "Serper, Grigory"]
[Result "1-0"]
[WhiteElo "2475"]
[BlackElo "2575"]

1.d4 Nf6 2.c4 e6 3.Nc3 Bb4 4.Qc2 O-O 5.a3 Bxc3+ 6.Qxc3 b6 7.Bg5 c5 8.dxc5 bxc5
9.e3 d6 10.Bd3 Nbd7 11.Ne2 Rb8 12.Rd1 Ne4 13.Bxe4 Qxg5 14.b3 Rb6 15.O-O Ba6
16.Bc2 Qe7 17.Rd2 Nf6 18.e4 Bb7 19.Ng3 g6 20.Re1 Ng4 21.Red1 e5 22.h3 Nf6
23.Qe3 Nd7 24.Ne2 Rd8 25.Nc3 Nf8 26.Na4 Rc6 27.b4 cxb4 28.c5 Ne6 29.axb4 Nd4
30.Rxd4 exd4 31.Qxd4 a6 32.Nb6 Qg5 33.Nc4 Rc7 34.cxd6 Rcc8 35.Bb3 Qf4 36.Ne5 Qxe4
37.Qxe4 Bxe4 38.Nxf7 Kg7 39.d7 Rb8 40.Nxd8 Rxd8 41.Ba4  1-0

[Event "Moscow ol (Women)"]
[Site "Moscow"]
[Date "1994.??.??"]
[Round "9"]
[White "Botsari Miladinovic, Anna Maria"]
[Black "Zayac, Elena"]
[Result "0-1"]
[WhiteElo "2330"]
[BlackElo "2325"]

1.d4 Nf6 2.c4 e6 3.Nc3 Bb4 4.Qc2 O-O 5.a3 Bxc3+ 6.Qxc3 b6 7.Bg5 c5 8.dxc5 bxc5
9.e3 Nc6 10.f3 Bb7 11.Nh3 h6 12.Bh4 Ne4 13.Bxd8 Nxc3 14.Bc7 Rfc8 15.Bd6 Na4
16.b3 Nb6 17.Nf2 Na5 18.Rb1 Ba6 19.Be2 f6 20.Bg3 d5 21.cxd5 Bxe2 22.Kxe2 exd5
23.e4 c4 24.bxc4 dxc4 25.Rb5 Nc6 26.Ke3 c3 27.Rc1 Na4 28.Nd1 a6 29.Rh5 Ne7
30.Bd6 Ng6 31.Kd3 Rc6 32.Rd5 Rac8 33.Rc2 Nb6 34.Rd4 Nc4 35.Bg3 Nce5+ 36.Ke2 Rc5
37.f4 Nc6 38.Rd3 Rc4 39.Ke3 Re8 40.Nf2 Nge7 41.Rd7 Nd4 42.Kd3 Nxc2 43.Kxc4 Rc8+
44.Kb3 Ne1 45.Rd1 Nxg2 46.Rc1 Nc6 47.Rxc3 Nd4+ 48.Kb2 Rb8+ 49.Ka2 Nb5 50.Rc5 Ne3
51.a4 Nd4 52.Nd3 Ne2 53.f5 Rd8 54.Nb4 Rd4 55.Kb3 Rxe4 56.Nxa6 Nd4+ 57.Kc3 Ndxf5
58.Rc8+ Kh7 59.Nc5 Nd5+ 60.Kb3 Rb4+ 61.Kc2 Rc4+ 62.Kd3 Nb6 63.Rc7 Rd4+ 64.Kc2 Nxa4
65.Nd7 Ne3+ 66.Kb1 Rd1+ 67.Ka2 Nd5 68.Ra7 Ndc3+ 69.Kb3 Rxd7 70.Rxd7 Nc5+
71.Kxc3 Nxd7 72.Kd4 Kg6 73.Ke4 Kg5 74.Bd6 Kg4 75.Kd5 Kf5 76.Be7 h5 77.Kd6 Ne5
78.Bf8 g5 79.Bg7 Kg6  0-1

[Event "Moscow ol (Men)"]
[Site "Moscow"]
[Date "1994.??.??"]
[Round "9"]
[White "Kakageldyev, Amanmurad"]
[Black "Berend, Fred"]
[Result "1-0"]
[WhiteElo "2450"]
[BlackElo "2400"]

1.d4 Nf6 2.c4 e6 3.Nc3 Bb4 4.Qc2 O-O 5.a3 Bxc3+ 6.Qxc3 b6 7.Bg5 Bb7 8.f3 c5
9.dxc5 bxc5 10.e3 Re8 11.Nh3 h6 12.Bxf6 Qxf6 13.Qxf6 gxf6 14.O-O-O a5 15.Nf4 Kf8
16.Ne2 a4 17.Nc3 Bc6 18.Bd3 Ke7 19.Rd2 d6 20.Rhd1 Rd8 21.Bc2 f5 22.e4 fxe4
23.fxe4 f6 24.Rd3 Be8 25.Rh3 h5 26.Rd2 Nc6 27.Nxa4 Rxa4 28.Bxa4 Nd4 29.b3 Bc6
30.Re3 Ra8 31.Kb2 Nxb3 32.Rxb3 Rxa4 33.Rg3 e5 34.Rgd3 Rxc4 35.Rxd6 Bxe4 36.Ra6 Rd4
37.Rf2 f5 38.a4 f4 39.a5  1-0

[Event "Moscow ol (Men)"]
[Site "Moscow"]
[Date "1994.??.??"]
[Round "12"]
[White "Jacimovic, Dragoljub"]
[Black "Dydyshko, Viacheslav"]
[Result "0-1"]
[WhiteElo "2400"]
[BlackElo "2510"]

1.d4 Nf6 2.c4 e6 3.Nc3 Bb4 4.Qc2 O-O 5.Bg5 c5 6.dxc5 Na6 7.a3 Bxc3+ 8.Qxc3 Nxc5
9.Be3 b6 10.b4 Nce4 11.Qd4 d5 12.cxd5 exd5 13.Nf3 Ng4 14.Rd1 Bd7 15.g3 Ba4
16.Rc1 Rc8 17.Qa1 Nxe3 18.fxe3 Qf6 19.Bh3 Rxc1+ 20.Qxc1 Qh6 21.Bg2 Bd7 22.O-O Rc8
23.Qe1 Qxe3+ 24.Kh1 Be6 25.Qa1 Rc3 26.a4 g5 27.a5 b5 28.Qe1 g4 29.Nh4 Rc4  0-1

[Event "New York Marshall/Enhance"]
[Site "New York"]
[Date "1994.??.??"]
[Round "4"]
[White "Remlinger, Larry"]
[Black "Mednis, Edmar John"]
[Result "1/2-1/2"]
[WhiteElo "2455"]
[BlackElo "2420"]

1.d4 Nf6 2.c4 e6 3.Nc3 Bb4 4.Qc2 O-O 5.a3 Bxc3+ 6.Qxc3 b6 7.Bg5 Bb7 8.Nh3 h6
9.Bh4 d6 10.f3 Nbd7 11.e3 c5 12.dxc5 bxc5 13.Bd3 a5 14.O-O Qb6 15.Rfd1 Rfb8
16.Rd2 Ba6 17.Bg3 Ne8 18.Bc2 Ndf6 19.Rad1 Rd8 20.Ba4 e5 21.Nf2 Bb7 22.Bh4 g5
23.Bg3 Ng7 24.Bc2 Ngh5 25.Nh1 Qc7 26.Bf2 Qe7 27.Ng3 Nxg3 28.Bxg3 Nh5 29.Bf2 Qe6
30.h3 Bc6 31.Qd3 Nf6  1/2-1/2

[Event "Nice"]
[Site "Nice"]
[Date "1994.??.??"]
[Round "2"]
[White "Palac, Mladen"]
[Black "Relange, Eloi"]
[Result "1/2-1/2"]
[WhiteElo "2505"]
[BlackElo "2430"]

1.d4 Nf6 2.c4 e6 3.Nc3 Bb4 4.Qc2 O-O 5.a3 Bxc3+ 6.Qxc3 b6 7.g3 Bb7 8.Nf3 d6
9.Bg2 Nbd7 10.O-O a5  1/2-1/2

[Event "Nice"]
[Site "Nice"]
[Date "1994.??.??"]
[Round "8"]
[White "Touzane, Olivier"]
[Black "Mitkov, Nikola"]
[Result "0-1"]
[WhiteElo "2330"]
[BlackElo "2470"]

1.d4 Nf6 2.c4 e6 3.Nc3 Bb4 4.Qc2 O-O 5.a3 Bxc3+ 6.Qxc3 b6 7.Bg5 c5 8.dxc5 bxc5
9.e3 Nc6 10.f3 Rb8 11.Nh3 h6 12.Bxf6 Qxf6 13.Qxf6 gxf6 14.O-O-O Rd8 15.Nf4 Kf8
16.Be2 Ke7 17.Rd3 Ba6 18.Rc3 Rb6 19.Rd1 Rdb8 20.Rd2 Na5 21.Rdc2 Bb7 22.Bd1 d6
23.Rd2 Ba6 24.Rdc2 Nb3+ 25.Kb1 f5 26.Nd3 Kf6 27.Nc1 Na5 28.Nd3 Rb3 29.Rxb3 Rxb3
30.Be2 Nxc4 31.Nxc5 Nxa3+ 32.Kc1 dxc5 33.bxa3 Bxe2 34.Rxe2 Rxa3 35.Rc2 Rxe3
36.Kd2 Ra3  0-1

[Event "JUG-chT"]
[Site "Nis"]
[Date "1994.??.??"]
[Round "?"]
[White "Kohlweyer, Bernd"]
[Black "Pavlovic, Dean"]
[Result "1-0"]
[WhiteElo "2450"]
[BlackElo "2405"]

1.d4 Nf6 2.c4 e6 3.Nc3 Bb4 4.Qc2 O-O 5.a3 Bxc3+ 6.Qxc3 Ne4 7.Qc2 f5 8.Nh3 b6
9.f3 Nf6 10.e3 c5 11.b3 d6 12.Bd3 Nc6 13.Bb2 g6 14.O-O e5 15.d5 Ne7 16.f4 e4
17.Be2 h6 18.Nf2 Kf7 19.g4 Neg8 20.gxf5 Bxf5 21.Kh1 Qd7 22.Rg1 Rae8 23.Rg3 Re7
24.Rag1 Ke8 25.Bc3 Rh7 26.Qb2 h5 27.b4 Kf7 28.Rg5 Rh6 29.Bf1 Ke8 30.Be2 Rf7
31.R5g2 Ke7 32.Ra1 Rfh7 33.a4 cxb4 34.Bxb4 Kf7 35.a5 Ng4 36.Nh3 Rh8 37.Ng5+ Ke7  1-0

[Event "Oberwart op"]
[Site "Oberwart"]
[Date "1994.??.??"]
[Round "2"]
[White "Timoshchenko, Gennadi A"]
[Black "Vodep, Otto"]
[Result "1-0"]
[WhiteElo "2515"]
[BlackElo "2205"]

1.d4 Nf6 2.c4 e6 3.Nc3 Bb4 4.Qc2 O-O 5.a3 Bxc3+ 6.Qxc3 b5 7.cxb5 Nd5 8.Qc2 f5
9.Nf3 c6 10.e4 fxe4 11.Qxe4 Nf6 12.Qh4 cxb5 13.Bd3 Bb7 14.Bg5 h6 15.Bd2 a6
16.Ne5 Ne4 17.Qxd8 Rxd8 18.Ba5 Re8 19.Rc1 d6 20.Rc7 Bd5 21.f3 Ng5 22.h4 dxe5
23.hxg5 Nc6 24.gxh6 Nxa5 25.hxg7  1-0

[Event "Oberwart op"]
[Site "Oberwart"]
[Date "1994.??.??"]
[Round "7"]
[White "Skomorokhin, Roman"]
[Black "Cebalo, Miso"]
[Result "0-1"]
[WhiteElo "2425"]
[BlackElo "2520"]

1.d4 Nf6 2.c4 e6 3.Nc3 Bb4 4.Qc2 O-O 5.Bg5 h6 6.Bh4 c5 7.e3 cxd4 8.exd4 b6
9.Bd3 Bb7 10.Ne2 Be7 11.O-O Nc6 12.a3 Rc8 13.Rad1 d5 14.Bxf6 Bxf6 15.cxd5 exd5
16.Bh7+ Kh8 17.Bf5 Rc7 18.b4 g6 19.Bg4 Ne7 20.Qd2 Kg7 21.f4 h5 22.Bh3 Ba6
23.f5 Bxe2 24.Nxe2 g5 25.g4 h4 26.Rc1 Rc4 27.Rfd1 b5 28.Bf1 Qb6 29.Kh1 Rfc8
30.Rxc4 Rxc4 31.Qe3 Qc7 32.Ng1 Rc3 33.Rd3 Rc1 34.Be2 Nc8 35.Rd1 Rc3 36.Rd3 Rc2
37.Nf3 Nd6 38.Rd2 Ne4 39.Rxc2 Qxc2 40.Kg2 Nc3 41.Kf1 Nxe2 42.Qxe2 Qc1+ 43.Kf2 Qf4
44.h3 Bxd4+ 45.Ke1 Be3 46.Qb2+ d4 47.Ke2 Qe4 48.Qb3 Bf4+ 49.Kf2 d3 50.Qb2+ f6  0-1